Statistics for U.S. General Knowledge #18

Click here to take the quiz!

General Stats

  • This quiz has been taken 19,422 times
  • The average score is 12 of 20

Answer Stats

QuestionAnswer% Correct
By revenue, what are the three largest pizza chains in the United States?Domino's
91%
By revenue, what are the three largest pizza chains in the United States?Pizza Hut
91%
What company was the largest chain of video rental stores in the United States,
before going bankrupt in 2010?
Blockbuster
86%
What 1973 Supreme Court decision legalized abortion (in the first two trimesters)Roe v. Wade
75%
What type of turtle, native to the eastern U.S., is well-known for its powerful bite?{Snapping} Turtle
73%
What city is often abbreviated as SLC?Salt Lake City
72%
What foreign country is geographically closest to the state of Florida?Bahamas
71%
What sorority's named can be spelled ΔΔΔ?Delta Delta Delta
62%
What red furry creature was the "must have" toy of 1996?Tickle-Me Elmo
58%
What boat ride at Disney World is famous for its repetitive and annoying music?It's a Small World
57%
What TV show's theme song asks "Bad boys, bad boys / Whatcha gonna do?"Cops
54%
By revenue, what are the three largest pizza chains in the United States?Little Caesar's
52%
What notorious western outlaw was also known as William H. Bonney?Billy the Kid
48%
Name one of the two models of sports car currently manufactured by Chevy.Corvette / Camaro
46%
At what event would you be most likely to hear the song "Pomp and Circumstance"?Graduation
46%
What was the nickname of disease-spreading cook Mary Mallon?{Typhoid} Mary
42%
What is the term for forcing a landowner to sell their property to the government?{Eminent} Domain
40%
What American politican wrote a book entitled "It Takes a Village"?Hillary Clinton
39%
What federal agency investigates insider trading?SEC
37%
What was the last state east of the Mississippi river to join the United States, in 1863?West Virginia
31%

Score Distribution

Percentile by Number Answered

Percent of People with Each Score

Your Score History

You have not taken this quiz